[Event "XLIV Memoriał Szachowy Ludwika Zamenhofa 2025, Grupa B"]
[Site "Bialystok, Poland"]
[Date "2025.12.30"]
[Round "7.30"]
[White "Nowak, Roksana"]
[Black "Piekutowska, Lena"]
[Result "1/2-1/2"]
[TimeControl "90'+30\""]
[WhiteElo "1900"]
[BlackElo "1727"]

1. e4 {[%clk 01:30:57]} {[%emt 00:00:02]} c5 {[%clk 01:30:55]} {[%emt
00:00:06]} 2. Nf3 {[%clk 01:31:23]} {[%emt 00:00:04]} e6 {[%clk 01:31:21]}
{[%emt 00:00:04]} 3. d4 {[%clk 01:31:48]} {[%emt 00:00:04]} cxd4 {[%clk
01:31:47]} {[%emt 00:00:04]} 4. Nxd4 {[%clk 01:32:13]} {[%emt 00:00:05]} Nc6
{[%clk 01:32:13]} {[%emt 00:00:05]} 5. Bf4 {[%clk 01:32:37]} {[%emt 00:00:05]}
d6 {[%clk 01:31:42]} {[%emt 00:01:00]} 6. Nxc6 {[%clk 01:33:00]} {[%emt
00:00:07]} bxc6 {[%clk 01:32:08]} {[%emt 00:00:05]} 7. Bd3 {[%clk 01:33:09]}
{[%emt 00:00:21]} e5 {[%clk 01:30:29]} {[%emt 00:02:09]} 8. Be3 {[%clk
01:33:31]} {[%emt 00:00:07]} Nf6 {[%clk 01:30:22]} {[%emt 00:00:38]} 9. c4
{[%clk 01:31:06]} {[%emt 00:02:55]} Be7 {[%clk 01:28:01]} {[%emt 00:02:51]} 10.
O-O {[%clk 01:30:48]} {[%emt 00:00:48]} O-O {[%clk 01:27:38]} {[%emt 00:00:53]}
11. Nc3 {[%clk 01:30:17]} {[%emt 00:01:02]} Be6 {[%clk 01:24:53]} {[%emt
00:03:15]} 12. Qe2 {[%clk 01:24:29]} {[%emt 00:06:17]} Ng4 {[%clk 01:12:31]}
{[%emt 00:12:51]} 13. h3 {[%clk 01:17:11]} {[%emt 00:07:48]} Nxe3 {[%clk
01:12:51]} {[%emt 00:00:11]} 14. Qxe3 {[%clk 01:17:36]} {[%emt 00:00:06]} Bg5
{[%clk 01:07:16]} {[%emt 00:06:04]} 15. Qf3 {[%clk 01:04:52]} {[%emt 00:13:14]}
Qd7 {[%clk 00:55:34]} {[%emt 00:12:10]} 16. Rad1 {[%clk 00:51:01]} {[%emt
00:14:22]} Rad8 {[%clk 00:54:16]} {[%emt 00:01:49]} 17. b3 {[%clk 00:39:17]}
{[%emt 00:12:14]} Qc7 {[%clk 00:37:16]} {[%emt 00:17:27]} 18. Qh5 {[%clk
00:30:34]} {[%emt 00:09:16]} Bf6 {[%clk 00:34:51]} {[%emt 00:02:55]} 19. Nd5
{[%clk 00:21:07]} {[%emt 00:09:57]} cxd5 {[%clk 00:29:55]} {[%emt 00:05:27]} 20.
exd5 {[%clk 00:21:31]} {[%emt 00:00:05]} g6 {[%clk 00:30:08]} {[%emt 00:00:17]}
21. Qf3 {[%clk 00:19:15]} {[%emt 00:02:45]} Bf5 {[%clk 00:29:35]} {[%emt
00:01:03]} 22. Bxf5 {[%clk 00:18:59]} {[%emt 00:00:47]} gxf5 {[%clk 00:29:56]}
{[%emt 00:00:09]} 23. Qxf5 {[%clk 00:19:20]} {[%emt 00:00:09]} Bg7 {[%clk
00:30:15]} {[%emt 00:00:11]} 24. f4 {[%clk 00:10:55]} {[%emt 00:08:54]} Qd7
{[%clk 00:29:28]} {[%emt 00:01:18]} 25. Qg5 {[%clk 00:10:43]} {[%emt 00:00:43]}
f6 {[%clk 00:26:24]} {[%emt 00:03:34]} 26. Qg3 {[%clk 00:10:27]} {[%emt
00:00:45]} Qf5 {[%clk 00:25:29]} {[%emt 00:01:24]} 27. Qc3 {[%clk 00:09:07]}
{[%emt 00:01:52]} exf4 {[%clk 00:23:54]} {[%emt 00:02:04]} 28. c5 {[%clk
00:07:43]} {[%emt 00:01:53]} dxc5 {[%clk 00:22:49]} {[%emt 00:01:36]} 29. Qxc5
{[%clk 00:06:03]} {[%emt 00:02:10]} Rd7 {[%clk 00:19:37]} {[%emt 00:03:41]} 30.
Qc4 {[%clk 00:05:53]} {[%emt 00:00:40]} Rfd8 {[%clk 00:19:25]} {[%emt
00:00:43]} 31. d6+ {[%clk 00:04:28]} {[%emt 00:01:55]} Kh8 {[%clk 00:19:49]}
{[%emt 00:00:07]} 32. Rxf4 {[%clk 00:04:51]} {[%emt 00:00:06]} Qe5 {[%clk
00:18:47]} {[%emt 00:01:31]} 33. Re4 {[%clk 00:04:33]} {[%emt 00:00:49]} Rxd6
{[%clk 00:16:13]} {[%emt 00:03:04]} 34. Rde1 {[%clk 00:05:01]} {[%emt
00:00:02]} Qh5 {[%clk 00:14:56]} {[%emt 00:01:45]} 35. Rh4 {[%clk 00:04:56]}
{[%emt 00:00:38]} Qd5 {[%clk 00:12:26]} {[%emt 00:02:56]} 36. Qg4 {[%clk
00:02:19]} {[%emt 00:03:10]} Qc5+ {[%clk 00:10:10]} {[%emt 00:02:46]} 37. Kh1
{[%clk 00:02:45]} {[%emt 00:00:04]} Rd4 {[%clk 00:09:23]} {[%emt 00:01:14]} 38.
Qg3 {[%clk 00:02:27]} {[%emt 00:00:51]} Rxh4 {[%clk 00:09:07]} {[%emt
00:00:46]} 39. Qxh4 {[%clk 00:02:56]} Qa5 {[%clk 00:07:12]} {[%emt 00:02:14]}
40. a4 {[%clk 00:02:37]} {[%emt 00:01:01]} Qc7 {[%clk 00:06:53]} {[%emt
00:00:46]} 41. Qh5 {[%clk 00:02:40]} {[%emt 00:00:30]} Qd7 {[%clk 00:07:08]}
{[%emt 00:00:12]} 42. Qc5 {[%clk 00:02:34]} {[%emt 00:00:38]} Rc8 {[%clk
00:06:48]} {[%emt 00:00:46]} 43. Qh5 {[%clk 00:02:58]} {[%emt 00:00:10]} f5
{[%clk 00:06:53]} {[%emt 00:00:25]} 44. Qg5 {[%clk 00:03:08]} {[%emt 00:00:20]}
h6 {[%clk 00:06:20]} {[%emt 00:01:03]} 45. Qh4 {[%clk 00:02:28]} {[%emt
00:01:10]} Qf7 {[%clk 00:04:40]} {[%emt 00:02:10]} 46. Qf4 {[%clk 00:02:06]}
{[%emt 00:00:52]} Qg6 {[%clk 00:04:13]} {[%emt 00:00:55]} 47. Qf2 {[%clk
00:02:13]} {[%emt 00:00:24]} a6 {[%clk 00:04:16]} {[%emt 00:00:27]} 48. b4
{[%clk 00:02:31]} {[%emt 00:00:13]} Rb8 {[%clk 00:04:24]} {[%emt 00:00:19]} 49.
Qc5 {[%clk 00:02:47]} {[%emt 00:00:17]} Qg3 {[%clk 00:04:10]} {[%emt 00:00:40]}
50. Qe7 {[%clk 00:02:29]} {[%emt 00:00:52]} f4 {[%clk 00:02:45]} {[%emt
00:01:55]} 51. Rf1 {[%clk 00:02:09]} {[%emt 00:00:50]} Rg8 {[%clk 00:02:38]}
{[%emt 00:00:33]} 52. Qe4 {[%clk 00:02:37]} {[%emt 00:00:06]} Rf8 {[%clk
00:02:40]} {[%emt 00:00:28]} 53. b5 {[%clk 00:02:45]} {[%emt 00:00:22]} axb5
{[%clk 00:02:46]} {[%emt 00:00:25]} 54. axb5 {[%clk 00:03:14]} f3 {[%clk
00:02:35]} {[%emt 00:00:41]} 55. Rxf3 {[%clk 00:02:19]} {[%emt 00:01:25]} Rxf3
{[%clk 00:02:54]} {[%emt 00:00:10]} 56. gxf3 {[%clk 00:02:04]} {[%emt
00:00:45]} Qxh3+ {[%clk 00:03:10]} {[%emt 00:00:13]} 57. Kg1 {[%clk 00:02:33]}
Qg3+ {[%clk 00:03:16]} {[%emt 00:00:25]} 58. Kf1 {[%clk 00:02:57]} {[%emt
00:00:07]} Qb8 {[%clk 00:02:45]} {[%emt 00:00:58]} 59. Qc6 {[%clk 00:03:19]}
{[%emt 00:00:10]} 1/2-1/2

[Event "XLIV Memoriał Szachowy Ludwika Zamenhofa 2025, Grupa B"]
[Site "Bialystok, Poland"]
[Date "2025.12.30"]
[Round "7.31"]
[White "Kaminski, Maciej"]
[Black "Poreba, Jan"]
[Result "1-0"]
[TimeControl "90'+30\""]
[WhiteElo "1884"]
[BlackElo "1619"]

1. d4 {[%clk 01:30:51]} {[%emt 00:00:09]} d5 {[%clk 01:30:51]} {[%emt
00:00:09]} 2. c4 {[%clk 01:31:16]} {[%emt 00:00:05]} e6 {[%clk 01:31:12]}
{[%emt 00:00:09]} 3. Nf3 {[%clk 01:31:39]} {[%emt 00:00:07]} Nf6 {[%clk
01:31:35]} {[%emt 00:00:08]} 4. g3 {[%clk 01:32:02]} {[%emt 00:00:07]} c5
{[%clk 01:31:50]} {[%emt 00:00:16]} 5. cxd5 {[%clk 01:32:17]} {[%emt 00:00:15]}
Nxd5 {[%clk 01:31:49]} {[%emt 00:00:30]} 6. Bg2 {[%clk 01:30:45]} {[%emt
00:02:02]} Nc6 {[%clk 01:31:33]} {[%emt 00:00:46]} 7. O-O {[%clk 01:31:02]}
{[%emt 00:00:13]} Be7 {[%clk 01:31:49]} {[%emt 00:00:14]} 8. dxc5 {[%clk
01:30:21]} {[%emt 00:01:11]} Bxc5 {[%clk 01:32:07]} {[%emt 00:00:12]} 9. Qc2
{[%clk 01:27:52]} {[%emt 00:02:59]} Bb6 {[%clk 01:28:43]} {[%emt 00:03:55]} 10.
a3 {[%clk 01:26:05]} {[%emt 00:02:17]} a5 {[%clk 01:26:23]} {[%emt 00:02:50]}
11. Nbd2 {[%clk 01:23:08]} {[%emt 00:03:26]} O-O {[%clk 01:26:02]} {[%emt
00:00:51]} 12. Nc4 {[%clk 01:22:44]} {[%emt 00:00:54]} Bc7 {[%clk 01:19:04]}
{[%emt 00:07:28]} 13. Rd1 {[%clk 01:18:07]} {[%emt 00:05:07]} Qe7 {[%clk
01:17:11]} {[%emt 00:02:23]} 14. e4 {[%clk 01:14:19]} {[%emt 00:04:18]} Nf6
{[%clk 01:17:11]} {[%emt 00:00:29]} 15. e5 {[%clk 01:12:58]} {[%emt 00:01:52]}
Nd7 {[%clk 01:15:22]} {[%emt 00:02:19]} 16. Ng5 {[%clk 01:12:45]} {[%emt
00:00:42]} g6 {[%clk 01:14:55]} {[%emt 00:00:58]} 17. f4 {[%clk 01:03:33]}
{[%emt 00:09:42]} Nb6 {[%clk 01:09:08]} {[%emt 00:06:17]} 18. Be3 {[%clk
01:01:37]} {[%emt 00:02:25]} Nxc4 {[%clk 01:07:36]} {[%emt 00:02:03]} 19. Qxc4
{[%clk 01:01:51]} {[%emt 00:00:16]} Bd7 {[%clk 01:07:54]} {[%emt 00:00:12]} 20.
Bc5 {[%clk 01:01:24]} {[%emt 00:00:57]} Qe8 {[%clk 01:07:37]} {[%emt 00:00:47]}
21. Ne4 {[%clk 01:01:34]} {[%emt 00:00:19]} 1-0

[Event "XLIV Memoriał Szachowy Ludwika Zamenhofa 2025, Grupa B"]
[Site "Bialystok, Poland"]
[Date "2025.12.30"]
[Round "8.2"]
[White "Endeladze, Ramaz"]
[Black "Kasperek, Ryszard"]
[Result "1/2-1/2"]
[TimeControl "90'+30\""]
[WhiteElo "2133"]
[BlackElo "2088"]

1. Nf3 {[%clk 01:21:19]} {[%emt 00:00:07]} c5 {[%clk 01:30:34]} {[%emt
00:00:26]} 2. g3 {[%clk 01:21:39]} {[%emt 00:00:11]} g6 {[%clk 01:29:25]}
{[%emt 00:01:38]} 3. Bg2 {[%clk 01:22:07]} Bg7 {[%clk 01:29:50]} {[%emt
00:00:05]} 4. O-O {[%clk 01:22:33]} {[%emt 00:00:05]} Nc6 {[%clk 01:30:12]}
{[%emt 00:00:08]} 5. d3 {[%clk 01:17:29]} {[%emt 00:05:34]} e5 {[%clk
01:28:54]} {[%emt 00:01:48]} 6. c4 {[%clk 01:17:34]} {[%emt 00:00:26]} Nge7
{[%clk 01:28:49]} {[%emt 00:00:34]} 7. Nc3 {[%clk 01:18:03]} {[%emt 00:00:01]}
O-O {[%clk 01:28:17]} {[%emt 00:01:02]} 8. a3 {[%clk 01:18:29]} {[%emt
00:00:04]} d6 {[%clk 01:23:13]} {[%emt 00:05:34]} 9. Rb1 {[%clk 01:17:56]}
{[%emt 00:01:04]} a5 {[%clk 01:23:38]} {[%emt 00:00:04]} 10. Bd2 {[%clk
01:14:34]} {[%emt 00:03:52]} Rb8 {[%clk 01:17:20]} {[%emt 00:06:48]} 11. Ne1
{[%clk 01:13:43]} {[%emt 00:01:21]} Be6 {[%clk 01:17:37]} {[%emt 00:00:13]} 12.
Nc2 {[%clk 01:14:07]} {[%emt 00:00:06]} d5 {[%clk 01:17:49]} {[%emt 00:00:17]}
13. cxd5 {[%clk 01:13:29]} {[%emt 00:01:08]} Nxd5 {[%clk 01:18:15]} {[%emt
00:00:04]} 14. a4 {[%clk 01:13:24]} {[%emt 00:00:36]} b6 {[%clk 01:10:00]}
{[%emt 00:08:45]} 15. Na3 {[%clk 01:10:03]} {[%emt 00:03:52]} Qd7 {[%clk
01:03:53]} {[%emt 00:06:35]} 16. Re1 {[%clk 01:08:47]} {[%emt 00:01:47]} Ndb4
{[%clk 01:02:53]} {[%emt 00:01:30]} 17. Ncb5 {[%clk 01:05:54]} {[%emt
00:03:22]} h5 {[%clk 00:49:52]} {[%emt 00:13:32]} 18. Nc4 {[%clk 00:59:49]}
{[%emt 00:06:35]} h4 {[%clk 00:49:07]} {[%emt 00:01:15]} 19. Bc3 {[%clk
00:55:22]} {[%emt 00:04:57]} Bd5 {[%clk 00:46:57]} {[%emt 00:02:40]} 20. Bf1
{[%clk 00:53:09]} {[%emt 00:02:42]} Nd4 {[%clk 00:40:53]} {[%emt 00:06:34]} 21.
Bxb4 {[%clk 00:30:16]} {[%emt 00:23:24]} cxb4 {[%clk 00:29:51]} {[%emt
00:11:32]} 22. e4 {[%clk 00:24:08]} {[%emt 00:06:38]} Be6 {[%clk 00:29:00]}
{[%emt 00:01:21]} 23. Nxd4 {[%clk 00:24:14]} {[%emt 00:00:24]} Qxd4 {[%clk
00:26:37]} {[%emt 00:02:52]} 24. Qf3 {[%clk 00:22:23]} {[%emt 00:02:21]} Rfd8
{[%clk 00:18:49]} {[%emt 00:08:19]} 25. gxh4 {[%clk 00:21:59]} {[%emt
00:00:54]} b3 {[%clk 00:13:55]} {[%emt 00:05:24]} 26. Qd1 {[%clk 00:20:27]}
{[%emt 00:02:01]} b5 {[%clk 00:11:57]} {[%emt 00:02:29]} 27. Nxa5 {[%clk
00:20:48]} {[%emt 00:00:09]} Qb6 {[%clk 00:10:49]} {[%emt 00:01:38]} 28. Nxb3
{[%clk 00:21:12]} {[%emt 00:00:06]} bxa4 {[%clk 00:11:14]} {[%emt 00:00:05]} 29.
Nd2 {[%clk 00:21:04]} {[%emt 00:00:38]} Ba2 {[%clk 00:11:33]} {[%emt 00:00:11]}
30. Ra1 {[%clk 00:21:00]} {[%emt 00:00:34]} Qxb2 {[%clk 00:11:49]} {[%emt
00:00:14]} 31. Qxa4 {[%clk 00:21:23]} {[%emt 00:00:07]} Qxd2 {[%clk 00:12:02]}
{[%emt 00:00:16]} 32. Qxa2 {[%clk 00:21:26]} {[%emt 00:00:27]} Rb2 {[%clk
00:11:19]} {[%emt 00:01:13]} 33. Qa7 {[%clk 00:21:51]} {[%emt 00:00:05]} Qf4
{[%clk 00:08:47]} {[%emt 00:03:02]} 34. Reb1 {[%clk 00:20:06]} {[%emt
00:02:16]} Qg4+ {[%clk 00:05:26]} {[%emt 00:03:51]} 35. Kh1 {[%clk 00:20:26]}
{[%emt 00:00:09]} Rc2 {[%clk 00:04:52]} {[%emt 00:01:05]} 36. Ra2 {[%clk
00:19:54]} {[%emt 00:01:02]} Rdc8 {[%clk 00:03:18]} {[%emt 00:02:04]} 37. Rxc2
{[%clk 00:12:50]} {[%emt 00:07:34]} Rxc2 {[%clk 00:03:47]} 38. Qe3 {[%clk
00:13:13]} {[%emt 00:00:07]} Qxh4 {[%clk 00:03:11]} {[%emt 00:01:05]} 39. Qg3
{[%clk 00:13:13]} {[%emt 00:00:30]} Qf6 {[%clk 00:03:10]} {[%emt 00:00:32]} 40.
Rb8+ {[%clk 00:13:21]} {[%emt 00:00:21]} Bf8 {[%clk 00:03:36]} {[%emt
00:00:04]} 41. Kg2 {[%clk 00:13:07]} {[%emt 00:00:45]} Kg7 {[%clk 00:02:38]}
{[%emt 00:01:28]} 42. Qf3 {[%clk 00:10:40]} {[%emt 00:02:56]} Qg5+ {[%clk
00:02:17]} {[%emt 00:00:52]} 43. Qg3 {[%clk 00:10:59]} {[%emt 00:00:11]} Qf6
{[%clk 00:02:43]} {[%emt 00:00:04]} 44. Qf3 {[%clk 00:11:27]} {[%emt 00:00:01]}
Qxf3+ {[%clk 00:02:59]} {[%emt 00:00:15]} 45. Kxf3 {[%clk 00:11:52]} {[%emt
00:00:05]} Bc5 {[%clk 00:03:26]} {[%emt 00:00:03]} 46. Be2 {[%clk 00:12:19]}
{[%emt 00:00:03]} 1/2-1/2

[Event "XLIV Memoriał Szachowy Ludwika Zamenhofa 2025, Grupa B"]
[Site "Bialystok, Poland"]
[Date "2025.12.30"]
[Round "8.3"]
[White "Madejski, Milosz"]
[Black "Daniel, Damian"]
[Result "1/2-1/2"]
[TimeControl "90'+30\""]
[WhiteElo "1917"]
[BlackElo "2150"]

1. d4 {[%clk 01:29:33]} {[%emt 00:01:27]} Nf6 {[%clk 01:30:47]} {[%emt
00:00:14]} 2. Nf3 {[%clk 01:29:48]} {[%emt 00:00:14]} e6 {[%clk 01:31:02]}
{[%emt 00:00:15]} 3. c4 {[%emt 00:00:21]} Bb4+ {[%clk 01:31:13]} 4. Bd2 {[%clk
01:30:40]} {[%emt 00:00:05]} Bxd2+ {[%clk 01:31:27]} {[%emt 00:00:17]} 5. Qxd2
{[%clk 01:31:05]} {[%emt 00:00:06]} O-O {[%clk 01:31:06]} {[%emt 00:00:50]} 6.
Nc3 {[%clk 01:31:29]} {[%emt 00:00:05]} d6 {[%clk 01:31:09]} {[%emt 00:00:27]}
7. g3 {[%clk 01:27:55]} {[%emt 00:04:05]} Qe7 {[%clk 01:31:17]} {[%emt
00:00:22]} 8. Bg2 {[%clk 01:27:54]} {[%emt 00:00:30]} e5 {[%clk 01:31:11]}
{[%emt 00:00:36]} 9. O-O {[%clk 01:24:24]} {[%emt 00:04:00]} h6 {[%clk
01:31:18]} {[%emt 00:00:23]} 10. dxe5 {[%clk 01:23:49]} {[%emt 00:01:06]} dxe5
{[%clk 01:31:41]} {[%emt 00:00:06]} 11. Rfd1 {[%clk 01:21:55]} {[%emt
00:02:24]} e4 {[%clk 01:09:32]} {[%emt 00:22:40]} 12. Nd4 {[%clk 01:22:16]}
{[%emt 00:00:08]} c6 {[%clk 01:09:05]} {[%emt 00:00:57]} 13. Nc2 {[%clk
01:14:45]} {[%emt 00:08:00]} Bf5 {[%clk 01:02:58]} {[%emt 00:06:38]} 14. Qd6
{[%clk 01:14:21]} {[%emt 00:00:55]} Qxd6 {[%clk 01:00:25]} {[%emt 00:03:03]} 15.
Rxd6 {[%clk 01:14:49]} {[%emt 00:00:01]} a5 {[%clk 00:57:11]} {[%emt 00:03:44]}
16. Na4 {[%clk 01:13:02]} {[%emt 00:02:17]} Na6 {[%clk 00:54:32]} {[%emt
00:03:09]} 17. Rad1 {[%clk 01:12:48]} {[%emt 00:00:44]} Rae8 {[%clk 00:51:46]}
{[%emt 00:03:15]} 18. Ne3 {[%clk 01:02:33]} {[%emt 00:10:45]} Re5 {[%clk
00:49:35]} {[%emt 00:02:42]} 19. Rd8 {[%clk 00:59:42]} {[%emt 00:03:20]} Be6
{[%clk 00:44:26]} {[%emt 00:05:41]} 20. b3 {[%clk 00:57:08]} {[%emt 00:03:04]}
g5 {[%clk 00:36:41]} {[%emt 00:08:13]} 21. h3 {[%clk 00:54:18]} {[%emt
00:03:21]} Kg7 {[%clk 00:30:05]} {[%emt 00:07:07]} 22. R1d4 {[%clk 00:53:26]}
{[%emt 00:01:22]} Rxd8 {[%clk 00:22:02]} {[%emt 00:08:32]} 23. Rxd8 {[%clk
00:53:53]} {[%emt 00:00:02]} b5 {[%clk 00:21:51]} {[%emt 00:00:42]} 24. Nc3
{[%clk 00:48:06]} {[%emt 00:06:18]} a4 {[%clk 00:20:48]} {[%emt 00:01:33]} 25.
Ra8 {[%clk 00:45:58]} {[%emt 00:02:38]} Nc5 {[%clk 00:18:01]} {[%emt 00:03:17]}
26. cxb5 {[%clk 00:45:44]} {[%emt 00:00:44]} cxb5 {[%clk 00:18:17]} {[%emt
00:00:13]} 27. Nxb5 {[%clk 00:45:38]} {[%emt 00:00:37]} axb3 {[%clk 00:17:47]}
{[%emt 00:01:00]} 28. axb3 {[%clk 00:46:05]} {[%emt 00:00:02]} Nxb3 {[%clk
00:13:45]} {[%emt 00:04:33]} 29. Nc3 {[%clk 00:45:29]} {[%emt 00:01:06]} Nc5
{[%clk 00:13:11]} {[%emt 00:01:04]} 30. Ra5 {[%clk 00:44:07]} {[%emt 00:01:51]}
Nfd7 {[%clk 00:12:18]} {[%emt 00:01:23]} 31. g4 {[%clk 00:42:54]} {[%emt
00:01:43]} Kg6 {[%clk 00:11:22]} {[%emt 00:01:26]} 32. Ra8 {[%clk 00:40:34]}
{[%emt 00:02:51]} Nf6 {[%clk 00:10:58]} {[%emt 00:00:54]} 33. Ra5 {[%clk
00:40:46]} {[%emt 00:00:18]} Nfd7 {[%clk 00:11:02]} {[%emt 00:00:26]} 34. Ra8
{[%clk 00:41:01]} {[%emt 00:00:15]} Nf6 {[%clk 00:10:37]} {[%emt 00:00:54]} 35.
Ra5 {[%clk 00:41:20]} {[%emt 00:00:11]} 1/2-1/2

[Event "XLIV Memoriał Szachowy Ludwika Zamenhofa 2025, Grupa B"]
[Site "Bialystok, Poland"]
[Date "2025.12.30"]
[Round "8.4"]
[White "Budzisz, Adrian"]
[Black "Ptaszynski, Szymon"]
[Result "1-0"]
[TimeControl "90'+30\""]
[WhiteElo "2065"]
[BlackElo "2025"]

1. e4 {[%clk 01:30:40]} {[%emt 00:00:03]} c5 {[%clk 01:29:48]} {[%emt
00:01:29]} 2. Nf3 {[%clk 01:31:05]} {[%emt 00:00:04]} d6 {[%clk 01:30:10]}
{[%emt 00:00:09]} 3. d4 {[%clk 01:31:30]} {[%emt 00:00:04]} cxd4 {[%clk
01:30:35]} {[%emt 00:00:06]} 4. Nxd4 {[%clk 01:31:58]} {[%emt 00:00:02]} Nf6
{[%clk 01:30:58]} {[%emt 00:00:07]} 5. Nc3 {[%clk 01:32:21]} {[%emt 00:00:07]}
a6 {[%clk 01:31:21]} {[%emt 00:00:06]} 6. Nb3 {[%clk 01:32:44]} {[%emt
00:00:07]} Nbd7 {[%clk 01:29:31]} {[%emt 00:02:21]} 7. g4 {[%clk 01:32:38]}
{[%emt 00:00:36]} h6 {[%clk 01:29:38]} {[%emt 00:00:23]} 8. f4 {[%clk
01:31:22]} {[%emt 00:01:45]} e6 {[%clk 01:25:30]} {[%emt 00:04:38]} 9. Bg2
{[%clk 01:29:49]} {[%emt 00:02:04]} Be7 {[%clk 01:24:59]} {[%emt 00:01:00]} 10.
h4 {[%clk 01:27:50]} {[%emt 00:02:29]} Qb6 {[%clk 01:16:44]} {[%emt 00:08:43]}
11. Qe2 {[%clk 01:27:50]} {[%emt 00:00:31]} Nc5 {[%clk 01:07:13]} {[%emt
00:10:03]} 12. Be3 {[%clk 01:27:37]} {[%emt 00:00:42]} Nfd7 {[%clk 01:06:52]}
{[%emt 00:00:51]} 13. a3 {[%clk 01:20:19]} {[%emt 00:07:48]} Qc7 {[%clk
01:06:13]} {[%emt 00:01:09]} 14. Nd4 {[%clk 01:18:41]} {[%emt 00:02:08]} Nb6
{[%clk 01:05:04]} {[%emt 00:01:40]} 15. O-O-O {[%clk 01:16:56]} {[%emt
00:02:15]} Bd7 {[%clk 01:04:24]} {[%emt 00:01:09]} 16. g5 {[%clk 01:14:39]}
{[%emt 00:02:47]} O-O-O {[%clk 01:02:05]} {[%emt 00:02:49]} 17. f5 {[%clk
01:13:58]} {[%emt 00:01:11]} e5 {[%clk 00:54:29]} {[%emt 00:08:06]} 18. Nf3
{[%clk 01:13:17]} {[%emt 00:01:11]} Nca4 {[%clk 00:54:05]} {[%emt 00:00:55]} 19.
Qf2 {[%clk 01:08:38]} {[%emt 00:05:08]} Bc6 {[%clk 00:36:39]} {[%emt 00:17:56]}
20. Nd2 {[%clk 00:55:38]} {[%emt 00:13:30]} Nd7 {[%clk 00:29:18]} {[%emt
00:07:52]} 21. Nxa4 {[%clk 00:54:10]} {[%emt 00:01:58]} Bxa4 {[%clk 00:29:27]}
{[%emt 00:00:21]} 22. b3 {[%clk 00:54:35]} {[%emt 00:00:04]} Bb5 {[%clk
00:24:12]} {[%emt 00:05:43]} 23. Kb2 {[%clk 00:53:03]} {[%emt 00:02:04]} Nc5
{[%clk 00:21:19]} {[%emt 00:03:24]} 24. f6 {[%clk 00:50:24]} {[%emt 00:03:09]}
gxf6 {[%clk 00:21:43]} {[%emt 00:00:05]} 25. gxf6 {[%clk 00:50:45]} {[%emt
00:00:09]} Bf8 {[%clk 00:22:10]} {[%emt 00:00:03]} 26. a4 {[%clk 00:50:13]}
{[%emt 00:01:02]} Bc6 {[%clk 00:20:37]} {[%emt 00:02:03]} 27. Bxc5 {[%clk
00:49:42]} {[%emt 00:01:01]} dxc5 {[%clk 00:21:03]} {[%emt 00:00:05]} 28. Nc4
{[%clk 00:50:04]} {[%emt 00:00:08]} Rxd1 {[%clk 00:19:13]} {[%emt 00:02:20]} 29.
Rxd1 {[%clk 00:49:01]} {[%emt 00:01:33]} Bd7 {[%clk 00:17:34]} {[%emt
00:02:09]} 30. Qg3 {[%clk 00:48:15]} {[%emt 00:01:14]} b5 {[%clk 00:16:26]}
{[%emt 00:01:39]} 31. axb5 {[%clk 00:48:29]} {[%emt 00:00:17]} axb5 {[%clk
00:16:48]} {[%emt 00:00:08]} 32. Bh3 {[%clk 00:48:21]} {[%emt 00:00:37]} Be6
{[%clk 00:16:18]} {[%emt 00:01:01]} 33. Bxe6+ {[%clk 00:48:09]} {[%emt
00:00:42]} fxe6 {[%clk 00:16:44]} {[%emt 00:00:04]} 34. Qxe5 {[%clk 00:48:30]}
{[%emt 00:00:09]} Qxe5+ {[%clk 00:14:38]} {[%emt 00:02:36]} 35. Nxe5 {[%clk
00:48:55]} {[%emt 00:00:04]} Rh7 {[%clk 00:13:26]} {[%emt 00:01:43]} 36. h5
{[%clk 00:48:52]} {[%emt 00:00:32]} Kc7 {[%clk 00:13:42]} {[%emt 00:00:14]} 37.
Ng6 {[%clk 00:49:10]} {[%emt 00:00:12]} Rf7 {[%clk 00:14:04]} {[%emt 00:00:09]}
38. e5 {[%clk 00:49:27]} {[%emt 00:00:12]} c4 {[%clk 00:14:20]} {[%emt
00:00:14]} 39. bxc4 {[%clk 00:49:39]} {[%emt 00:00:18]} bxc4 {[%clk 00:14:44]}
{[%emt 00:00:07]} 40. Nf4 {[%clk 00:49:34]} {[%emt 00:00:33]} Kc6 {[%clk
00:14:51]} {[%emt 00:00:24]} 41. Nxe6 {[%clk 00:49:45]} {[%emt 00:00:18]} Rb7+
{[%clk 00:15:06]} {[%emt 00:00:16]} 42. Kc3 {[%clk 00:50:06]} {[%emt 00:00:08]}
Bb4+ {[%clk 00:15:23]} {[%emt 00:00:15]} 43. Kxc4 {[%clk 00:50:30]} {[%emt
00:00:06]} Rb6 {[%clk 00:15:37]} {[%emt 00:00:15]} 44. f7 {[%clk 00:49:07]}
{[%emt 00:01:52]} Rb8 {[%clk 00:16:00]} {[%emt 00:00:08]} 45. Rb1 {[%clk
00:49:24]} {[%emt 00:00:14]} 1-0